| 000 | 01512cam a2200241 4500 | ||
|---|---|---|---|
| 001 | ABS64148 | ||
| 008 | 000000n2001 000 0 eng u | ||
| 035 | _a(Sirsi) u113227 | ||
| 100 | _aDyer, C. | ||
| 245 | _aLearning lessons for the investigation of 'accidents' | ||
| 260 | _c2001 | ||
| 490 |
_aHealth and Safety Bulletin _v(299) June 2001, 6-10(5) |
||
| 520 | _aPresents the Health & Safety Commission proposals for a new legal duty on employers to investigate dangerous occurrences, ill health and injuries to be introduced in the Management of Health and Safety at Work (Amendment) Regulations 2001 or the Reporting of Injuries, Diseases and Dangerous Occurrences Regulations 1995. These would require the 'responsible person' identified in RIDDOR to permit safety and employee safety representatives to take part in the investigation, to keep a record of it, and to inform anyone who has carried out a risk assessment of the activity concerned of the results, and would empower HSE inspectors and local authority officers to direct how the investigation is carried out. Also gives details of responses to the HSC consultation. | ||
| 590 | _aABS | ||
| 650 | _aACCIDENTS AT WORK | ||
| 650 | _aEMPLOYERS REQUIREMENTS | ||
| 650 | _aMANAGEMENT OF HEALTH AND SAFETY AT WORK (AMENDMENT) REGULATIONS 2001 | ||
| 650 | _aREPORTING OF INJURIES, DISEASES AND DANGEROUS OCCURRENCES REGULATIONS 1995 | ||
| 650 | _aRIDDOR | ||
| 650 | _aRISK ASSESSMENT | ||
| 690 |
_aHealth and safety _96244 |
||
| 942 | _n0 | ||
| 999 |
_c67436 _d67436 |
||